01456nam a22001457a 4500003000400000020001800004082001700022100001300039245005100052250000800103260002500111300000800136650002600144653114000170SGT a9781259026683 a658.1511,KHA aKHAN,M Y aMANAGEMENT ACCOUNTING: TEXT PROBLEMS AND CASES a6TH aNEW DELHIbTMHc2014 aV.P aMANAGEMENT ACCOUNTING aPART 1 BACKGROUND 1. NATURE OF MANAGEMENT ACCOUNTING PART 2 FINANCIAL ACCOUNTING 2. GENERALLY ACCEPTED ACCOUNTING PRINCIPLES AND ACCOUNTING STANDARDS 3. ACCOUNTING CYCLE AND STATEMENTS OF FINANCIAL INFORMATION 4. UNDERSTANDING CORPORATE FINANCIAL STATEMENTS AND REPORTS PART 3 FINANCIAL ANALYSIS 5. CASH FLOW STATEMENT 6. FINANCIAL STATEMENTS ANALYSIS PART 4 COST ACCUMULATION 7. COST CONCEPTS AND MANAGEMENT NEEDS 8. COSTING AND CONTROL OF MATERIALS 9. COSTING AND CONTROL OF LABOUR 10. COSTING AND CONTROL OF FACTORY (MANUFACTURING) OVERHEADS 11. COSTING AND CONTROL OF ADMINISTRATIVE, SELLING AND DISTRIBUTION OVERHEADS 12. ACTIVITY BASED COSTING SYSTEM 13. JOB-ORDER, BATCH AND SERVICE COSTING 14. PROCESS, JOINT AND BY-PRODUCT COSTING 15. VARIABLE COSTING AND ABSORPTION (FULL) COSTING PART 5 PROFIT PLANNING 16. VOLUME-COST-PROFIT ANALYSIS 17. BUDGETING AND PROFIT PLANNING PART 6 COST CONTROL 18. STANDARD COSTS AND QUALITY COSTS 19. COST VARIANCES ANALYSIS 20. REVENUE AND PROFIT VARIANCE ANALYSIS 21. RESPONSIBILITY ACCOUNTING 22. BALANCED SCORECARD PART 7 DECISION-MAKING 23. SHORT-RUN DECISION ANALYSIS 24. CAPITAL BUDGETING